KOHA-Header-6

Philosophy: A Text with Readings (Record no. 13853)

000 -LEADER
fixed length control field 00306nam a22001337a 4500
020 ## - INTERNATIONAL STANDARD BOOK NUMBER
ISBN 978-1305410473
082 ## - DEWEY DECIMAL CLASSIFICATION NUMBER
Classification number 100
100 ## - MAIN ENTRY--AUTHOR NAME
Personal name Manuel Velasquez
245 ## - TITLE STATEMENT
Title Philosophy: A Text with Readings
250 ## - EDITION STATEMENT
Edition statement 13th Edition
260 ## - PUBLICATION, DISTRIBUTION, ETC. (IMPRINT)
Place of publication USA
Name of publisher Cengage Learning
Year of publication 2016
300 ## - PHYSICAL DESCRIPTION
Number of Pages 672 pages
942 ## - ADDED ENTRY ELEMENTS (KOHA)
Koha item type Books
Holdings
Withdrawn status Lost status Collection code Permanent Location Current Location Shelving location Date acquired Full call number Accession Number Koha item type
    Psychology MAJU MAJU Shelf No.B35 2024-01-01 100 10955 Books

Powered by Koha